| 000 | 00427nam a22001337a 4500 | ||
|---|---|---|---|
| 999 |
_c15722 _d15722 |
||
| 008 | 201111b ||||| |||| 00| 0 eng d | ||
| 082 |
_21981 _aDFil 657.044 _bP26 |
||
| 100 |
_aPassion, D.S. _942532 |
||
| 245 |
_aIntermediate accounting: _bfinancial accounting/ _cD.S. Passion. |
||
| 260 |
_aManila: _bGIC Enterprises & Co., _c©1981. |
||
| 300 |
_a490 pages; _c26 cm. |
||
| 650 |
_aAccounting. _942533 |
||
| 942 |
_2ddc _cDFIL |
||